The book on writing : (Record no. 900)

MARC details
000 -LEADER
fixed length control field 00809cam a2200253 a 4500
005 - DATE AND TIME OF LATEST TRANSACTION
control field 20260322212038.0
008 - FIXED-LENGTH DATA ELEMENTS--GENERAL INFORMATION
fixed length control field data
010 ## - LIBRARY OF CONGRESS CONTROL NUMBER
LC control number 2003013308
020 ## - INTERNATIONAL STANDARD BOOK NUMBER
International Standard Book Number 0966517695
020 ## - INTERNATIONAL STANDARD BOOK NUMBER
International Standard Book Number 9780966517699
040 ## - CATALOGING SOURCE
Original cataloging agency DLC
Transcribing agency DLC
Modifying agency DLC
050 00 - LIBRARY OF CONGRESS CALL NUMBER
Classification number PN4775
Item number .L288 2003
082 00 - DEWEY DECIMAL CLASSIFICATION NUMBER
Classification number 808.02
Edition information 21
092 ## - LOCALLY ASSIGNED DEWEY CALL NUMBER (OCLC)
Classification number 808.02 L288 2003
001 - CONTROL NUMBER
control field data
100 1# - MAIN ENTRY--PERSONAL NAME
Personal name LaRocque, Paula,
Dates associated with a name 1937-
245 14 - TITLE STATEMENT
Title The book on writing :
Remainder of title the ultimate guide to writing well /
Statement of responsibility, etc. Paula LaRocque.
260 ## - PUBLICATION, DISTRIBUTION, ETC.
Place of publication, distribution, etc. Oak Park, IL :
Name of publisher, distributor, etc. Marion Street Press,
Date of publication, distribution, etc. c2003.
300 ## - PHYSICAL DESCRIPTION
Extent 240 p. ;
Dimensions 23 cm.
500 ## - GENERAL NOTE
General note Includes index.
650 #0 - SUBJECT ADDED ENTRY--TOPICAL TERM
Topical term or geographic name entry element Authorship.
856 41 - ELECTRONIC LOCATION AND ACCESS
Materials specified Table of contents only
Uniform Resource Identifier <a href="http://www.loc.gov/catdir/toc/ecip045/2003013308.html">http://www.loc.gov/catdir/toc/ecip045/2003013308.html</a>
856 42 - ELECTRONIC LOCATION AND ACCESS
Materials specified Publisher description
Uniform Resource Identifier <a href="http://www.loc.gov/catdir/enhancements/fy0614/2003013308-d.html">http://www.loc.gov/catdir/enhancements/fy0614/2003013308-d.html</a>
Holdings
Withdrawn status Lost status Damaged status Not for loan Home library Current library Shelving location Date acquired Total checkouts Full call number Barcode Date last seen Price effective from Koha item type
        Centerville Centerville General stacks 22/03/2026   808.02 21 BC0010928 22/03/2026 22/03/2026 Books